[Event "EICC 2019"]
[Site "Skopia"]
[Date "2019.03.18"]
[Round "1.49"]
[White "Zlatanovic, Boroljub"]
[Black "Postny, Evgeny"]
[Result "0-1"]
[WhiteElo "2376"]
[BlackElo "2619"]
[Annotator "TA"]
[PlyCount "74"]
[EventDate "2019.03.18"]
[EventType "swiss"]
[EventCountry "MKD"]
[SourceTitle "playchess.com"]
[Source "ChessBase"]
[SourceQuality "1"]

{[%evp 12,74,13,0,14,1,0,0,0,-12,-2,-8,-13,-18,-7,-22,-15,-29,-23,-31,-28,-60,-42,-62,-63,-64,-60,-62,-56,-148,-135,-195,-195,-168,-206,-263,-273,-249,-243,-242,-254,-602,-600,-602,-533,-553,-552,-566,-560,-771,-746,-718,-609,-824,-621,-711,-638,-619,-596,-647,-630,-775,-761,-1620,-1580]} 1. e4 e5 2. Nc3 Nc6 3. Nf3 Nf6 4. Bb5 Bb4 5. O-O O-O 6. Bxc6 dxc6 7. d3 Nd7 {C49: Four Knights: 4 Bb5 Bb4} 8. Ne2 Re8 9. Ng3 Bf8 {The position is equal.} (9... Nf8 10. Be3 Bd6 11. Nd2 Ng6 12. Nf5 Qf6 13. Qf3 Bxf5 14. Qxf5 Qxf5 15. exf5 {½-½ (30) Firouzja,A (2475)-Wei,Y (2714) Abu Dhabi 2016}) 10. h3 $146 ({Predecessor:} 10. Be3 c5 11. Nd2 g6 12. Nc4 b6 13. f4 exf4 14. Bxf4 Bg7 15. Qf3 {0-1 (76) Hilby,C (2347)-Friedel,J (2510) Las Vegas 2016}) 10... c5 11. b3 Nb8 12. Bb2 Nc6 13. Nh2 Nd4 14. Ne2 a5 15. a4 Ra6 16. Nxd4 cxd4 17. f4 exf4 $1 18. Rxf4 Rg6 19. Rf3 c5 20. Qf1 (20. Kh1 $15) 20... Bd6 $17 21. Qf2 (21. Kh1 $17) 21... Qc7 $1 $19 22. Nf1 Re5 $1 23. Rg3 {[#]} Rxg3 $1 24. Nxg3 {[#]} Bxh3 $1 {[%mdl 512] ...Rg5 is the strong threat.} 25. Bc1 ({But not} 25. gxh3 Rg5 $19) 25... Re6 26. Nf5 $2 (26. Nh5 Bg4 27. Qh4) 26... Rg6 {Black is clearly winning.} 27. Nxd6 Rxg2+ ({Less strong is} 27... Qxd6 28. Bf4 $17) 28. Qxg2 Bxg2 29. Bf4 Bh3 30. Kf2 Qe7 31. Rg1 h6 32. e5 Kh7 33. Ne4 Be6 34. Rh1 Bf5 35. Nd6 Bd7 36. Ne4 Bc6 37. Bxh6 gxh6 {Accuracy: White = 26%, Black = 95%.} 0-1

[Event "EICC 2019"]
[Site "Skopia"]
[Date "2019.03.18"]
[Round "1.50"]
[White "Smirin, Ilia"]
[Black "Gines Esteo, Pedro Antonio"]
[Result "1/2-1/2"]
[WhiteElo "2618"]
[BlackElo "2372"]
[Annotator "TA"]
[PlyCount "61"]
[EventDate "2019.03.18"]
[EventType "swiss"]
[EventCountry "MKD"]
[SourceTitle "playchess.com"]
[Source "ChessBase"]
[SourceQuality "1"]

{[%evp 15,61,31,39,28,30,43,30,12,33,-21,-19,-14,0,-3,0,0,11,-15,0,0,0,0,0,0,0,0,18,0,0,0,11,0,4,1,9,8,9,0,0,0,0,0,0,0,0,0,0,0]} 1. e4 c6 2. Nc3 d5 3. Nf3 Bg4 4. h3 Bxf3 5. Qxf3 e6 6. d3 Nd7 7. Bd2 Ngf6 8. g4 h6 9. h4 {B11: Caro-Kann: Two Knights Variation} Qb6 {White must now prevent ...dxe4.} 10. O-O-O O-O-O 11. Bh3 {White has an edge.} Bb4 (11... dxe4 {seems wilder.} 12. Nxe4 Nxe4 13. Qxe4 Bc5 14. Be3 Nf6) 12. a3 $146 (12. exd5 $14 cxd5 {[#]} 13. d4 $1 {[%mdl 512]}) ({Predecessor:} 12. Qe2 Nc5 13. g5 Bxc3 14. Bxc3 Na4 15. gxf6 d4 16. Bxd4 Qxd4 {1-0 (58) Areshchenko,A (2710)-Feuerstack,A (2421) Germany 2012}) 12... dxe4 $11 {The position is equal.} 13. Nxe4 Nxe4 14. Qxe4 Bxd2+ 15. Rxd2 g5 16. d4 Qb5 17. Bg2 Nb6 {[%cal Bd7b6,Bb6d5,Bd5f4][%mdl 32] [#] Strongly threatening ...Nc4.} 18. Bf1 Qd5 19. f3 Qa2 {[%cal Ra2a1]} 20. c3 Nd5 21. Qb1 Qb3 22. Qd3 Nf4 23. Qe4 Qd5 24. Rdh2 {Hoping for Qxd5.} Rhf8 25. Qxd5 cxd5 26. hxg5 hxg5 27. Rh7 Kd7 28. Kd2 Ke7 29. Bd3 a6 30. a4 Rg8 31. Bc2 {Accuracy: White = 44%, Black = 53%.} 1/2-1/2

[Event "EICC 2019"]
[Site "Skopia"]
[Date "2019.03.19"]
[Round "2.1"]
[White "Artemiev, Vladislav"]
[Black "Kulaots, Kaido"]
[Result "1-0"]
[WhiteElo "2736"]
[BlackElo "2544"]
[Annotator "TA"]
[PlyCount "155"]
[EventDate "2019.03.18"]
[EventType "swiss"]
[EventCountry "MKD"]
[SourceTitle "playchess.com"]
[Source "ChessBase"]
[SourceQuality "1"]

{[%evp 18,155,20,8,29,27,22,45,31,32,36,10,56,55,60,62,77,70,99,41,29,70,56,50,52,44,26,19,118,118,70,0,67,61,106,74,99,99,93,85,99,72,72,70,73,71,72,72,95,81,73,80,73,73,73,73,81,93,97,79,76,78,140,140,182,191,164,185,180,184,195,202,252,254,253,248,202,192,328,317,370,368,317,214,212,204,194,179,170,177,179,156,167,167,196,189,266,277,296,254,298,257,289,320,256,243,471,454,495,492,541,437,515,534,512,517,501,502,466,464,532,484,656,629,593,576,1069,1658,1897,1070,996,2180,2119,1928,29972,29973,29962,29956,2767,2790]} 1. Nf3 Nf6 2. c4 g6 3. b3 Bg7 4. Bb2 c5 5. g3 b6 6. Bg2 Bb7 7. O-O d6 8. e3 O-O 9. d4 cxd4 10. exd4 d5 {A30: Symmetrical English: Double Fianchetto and Hedgehog} (10... e6 11. Nc3 a6 12. Re1 Nbd7 13. Qd2 Qc7 14. Rac1 Rac8 15. h3 Rfe8 16. Qe3 Qb8 17. Bf1 Qa8 18. Nd2 {0-1 (56) Groetz,H (2339)-Miazhynski,Y (2151) Austria 2018}) 11. Ne5 Nc6 12. Nc3 {[%cal Rc4d5,Bb1c3,Bc3a4,Ba4c5][%mdl 32]} e6 {White is slightly better.} 13. Rc1 Ne7 $146 ({Predecessor:} 13... a6 14. Re1 Rc8 15. cxd5 Nxe5 16. dxe5 Nxd5 17. Ne4 Rxc1 18. Qxc1 {1-0 (27) Beffie,B-Hoogenbergh,P Netherlands 1925}) 14. Ba3 a6 15. Na4 Re8 16. c5 bxc5 17. Nxc5 Bc8 18. g4 ({White should play} 18. Re1 $16) 18... Nd7 $1 $14 19. Nxf7 Kxf7 {[#]} 20. Nxe6 $1 {[%mdl 512]} Kxe6 21. Re1+ Ne5 $1 22. dxe5 Kf7 (22... Bb7 $1 $11 {keeps the balance.}) 23. Bxe7 $1 $16 (23. Qf3+ Kg8 $15) 23... Kxe7 24. Bxd5 (24. e6 $1 $14) 24... Be6 (24... Bxg4 $11 25. Rc7+ (25. Qxg4 Qxd5 26. Red1 Qe6 $17) 25... Qxc7 26. Qxg4 Rac8 27. Qh4+ Kf8 28. Qf4+ (28. Qxh7 $2 Bxe5 29. Qg8+ Ke7 $19) 28... Ke7 29. Qg5+ Kf8 30. Qf4+ Ke7 31. Qg5+ Kf8 32. Qf4+) 25. Bxa8 $14 Qxa8 26. Qd6+ Kf7 27. h3 Bf8 28. Qc6 g5 29. Qb6 {And now Rc6 would win.} Rc8 30. Qe3 Be7 $1 31. Rxc8 Qxc8 32. Rc1 Qb7 33. Rc3 Kg7 34. Qd3 a5 35. Qd4 Kf7 36. Kh2 Bb4 37. Qd3 Kg7 38. Qf3 Qxf3 39. Rxf3 Bd2 (39... Bd5 $142 40. Rd3 Be4) 40. Rf6 $16 Bf4+ 41. Kg1 Bf7 42. Ra6 Bd2 43. Kf1 Bg6 44. Ke2 Bc3 45. Ra7+ Kf8 46. Ke3 Bb1 47. a3 Bg6 (47... Ke8 $142 48. f4 gxf4+ 49. Kxf4 Bd2+ 50. Kf3 Bg6) 48. e6 $18 h6 49. Rc7 Bf6 50. Rc5 Bd8 {Threatens to win with ...Bb6.} 51. Rc8 Ke7 52. f4 {Black must now prevent f5.} Bb6+ 53. Kf3 gxf4 54. Kxf4 Bd4 55. Rc6 Bb2 56. a4 $1 Bd4 (56... Ba3 $142 57. Ke5 Bb2+ 58. Kd5 Ba3) 57. Rc4 Bf2 {[#]} 58. Ke5 $1 Bg3+ {[#]} 59. Kd5 $1 Be1 60. Rc7+ Ke8 61. Rc1 Bd2 $2 (61... Bf2 {was worth a try.} 62. Rc4 Bd3) 62. Rc8+ Ke7 63. h4 Bd3 64. Rc7+ Ke8 65. Kd4 Bb1 66. Ke5 {Kf6 would kill now.} Be1 67. Rc1 Bg3+ 68. Kd5 Bh7 69. Rc3 Bf4 70. Rc5 Ke7 71. Rxa5 {aiming for Ra7+.} Bg8 72. Ra6 Bd2 73. a5 {[%cal Ba4a5,Ba5a6][%mdl 32]} Kf6 74. g5+ (74. Kd6 $142) 74... hxg5 75. hxg5+ Bxg5 76. Rc6 Kf5 77. a6 Be3 78. b4 {Accuracy: White = 82%, Black = 42%.} 1-0

[Event "EICC 2019"]
[Site "Skopia"]
[Date "2019.03.19"]
[Round "2.2"]
[White "Zhigalko, Andrey"]
[Black "Kovalev, Vladislav"]
[Result "1-0"]
[WhiteElo "2541"]
[BlackElo "2703"]
[Annotator "TA"]
[PlyCount "95"]
[EventDate "2019.03.18"]
[EventType "swiss"]
[EventCountry "MKD"]
[SourceTitle "playchess.com"]
[Source "ChessBase"]
[SourceQuality "1"]

{[%evp 14,95,42,25,55,31,48,27,25,31,27,25,47,62,57,54,58,46,36,47,42,48,74,67,79,74,107,115,106,92,84,0,31,0,27,25,98,43,157,147,289,362,375,362,325,284,251,0,323,287,293,278,282,284,266,219,209,216,228,208,228,225,215,211,221,221,291,286,266,214,231,207,316,305,354,368,360,345,568,554,922,922,29982,11358]} 1. e4 e5 2. Nf3 Nc6 3. Bb5 a6 4. Ba4 d6 5. O-O Bd7 6. c3 g6 7. d4 Bg7 8. Re1 b5 {C76: Ruy Lopez: Deferred Steinitz: 5 c3 Bd7 6 d4 g6} (8... Nf6 9. Bxc6 Bxc6 10. dxe5 Nxe4 11. exd6 O-O 12. dxc7 Qxc7 13. Be3 Rad8 14. Nd4 Be5 15. h3 Bh2+ 16. Kh1 Bf4 {½-½ (60) Kasimdzhanov,R (2683)-Mamedyarov,S (2799) Riadh 2017}) 9. Bc2 exd4 10. cxd4 Bg4 {White has an edge.} 11. d5 Ne5 12. Nbd2 Bh6 13. h3 Bxd2 14. Bxd2 Bxf3 $1 15. gxf3 {Hoping for f4.} g5 $1 16. a4 {And now axb5 would win.} b4 $1 17. Bxb4 $146 ({Predecessor:} 17. f4 gxf4 18. Bxf4 {½-½ (18) Polezhaev,I-Guzikov,Y ICCF email 2012}) 17... Qf6 18. Re3 Ne7 19. Bd3 N7g6 20. Rc1 h5 21. Rxc7 g4 {[#]} 22. Bc3 (22. hxg4 hxg4 23. Qc2 (23. fxg4 $2 Qh4 $19) 23... gxf3 $17) ({White should try} 22. Qc1 $1 $16 {aiming for Rc8+.} Kf8 23. fxg4) 22... gxh3 (22... gxf3 $5 {[%cal Rf6g5]} 23. Kh1 O-O $16) 23. Kh1 {Qg1 is the strong threat.} (23. f4 $5 Nxf4 24. Bxe5 Qxe5 25. Rg3 $14) 23... h2 24. f4 $36 {[%mdl 2048] White has some pressure.} Nxf4 (24... Qxf4 $11 {keeps the balance.} 25. Bd4 Qxf2) 25. Bf1 ({White should play} 25. Bxe5 $1 $16 Qxe5 26. Rg3) 25... h4 (25... Qg6 $14 26. Rg3 Qxe4+ {[%mdl 64] Double Attack} 27. f3 Qxd5 28. Qxd5 Nxd5 29. Bxe5 dxe5) 26. Bxe5 $1 $16 (26. Kxh2 $2 Rg8 $19) 26... dxe5 (26... Qg6 $16 {might work better.} 27. Bb5+ (27. Kxh2 dxe5 28. Bh3 Kf8 $16) 27... axb5 28. Bxf4 Rg8) 27. Qg4 $18 (27. Kxh2 Qg5 $14) 27... Kf8 {With the idea ...Rg8.} 28. Rec3 Ng6 29. Rf3 Nf4 30. Rfc3 Ng6 $1 31. Qf5 Qxf5 32. exf5 Nf4 33. f6 {White wants to mate with Rc8+.} Kg8 34. Bd3 Nxd3 35. Rxd3 {[%mdl 4096] Endgame KRR-KRR} Kh7 36. Rxf7+ Kg6 37. Re7 Kxf6 {[#]} 38. Re6+ $1 Kf5 39. Re3 (39. Kxh2 $6 Rhd8 $16) 39... Rab8 40. R6xe5+ Kf4 41. R5e4+ (41. Kxh2 Rxb2 42. R5e4+ Kg5 $16) 41... Kf5 42. b4 Rbc8 (42... Rb6 $142 43. Re5+ (43. Kxh2 Rhb8 $18) 43... Kg4 44. R3e4+ (44. Kxh2 Rxb4 45. d6 Rf4 $16) 44... Kf3) 43. Rd4 ({Less strong is} 43. Kxh2 Rc2 $16) 43... Rc1+ 44. Kxh2 Rc2 45. Kg2 Kg5 $2 (45... Rc7 46. d6 Rd7) 46. d6 Rf8 47. d7 Rfxf2+ 48. Kg1 {Accuracy: White = 73%, Black = 39%.} 1-0

[Event "EICC 2019"]
[Site "Skopia"]
[Date "2019.03.19"]
[Round "2.3"]
[White "Christiansen, Johan-Sebastian"]
[Black "Ragger, Markus"]
[Result "1/2-1/2"]
[WhiteElo "2539"]
[BlackElo "2696"]
[Annotator "TA"]
[PlyCount "29"]
[EventDate "2019.03.18"]
[EventType "swiss"]
[EventCountry "MKD"]
[SourceTitle "playchess.com"]
[Source "ChessBase"]
[SourceQuality "1"]

{[%evp 11,28,-10,6,-16,0,-4,0,0,0,0,0,0,0,0,0,0,0,0,0]} 1. e4 e5 2. Nf3 Nc6 3. Bc4 Bc5 4. c3 Nf6 5. d4 exd4 6. cxd4 Bb4+ {The position is equal.} 7. Nbd2 {C54: Giuoco Piano: 4 c3 Nf6, main lines with 5 d4 and 5 d3} Nxe4 8. d5 {[#] And now 0-0 would win.} Nxd2 9. Bxd2 Bxd2+ 10. Qxd2 Ne7 $1 11. d6 cxd6 12. O-O d5 13. Bxd5 O-O 14. Rad1 Nxd5 {[#]} {Predecessor:} 15. Qxd5 $146 1/2-1/2

[Event "EICC 2019"]
[Site "Skopia"]
[Date "2019.03.19"]
[Round "2.4"]
[White "Grandelius, Nils"]
[Black "Stupak, Kirill"]
[Result "1-0"]
[WhiteElo "2694"]
[BlackElo "2537"]
[Annotator "TA"]
[PlyCount "61"]
[EventDate "2019.03.18"]
[EventType "swiss"]
[EventCountry "MKD"]
[SourceTitle "playchess.com"]
[Source "ChessBase"]
[SourceQuality "1"]

{[%evp 12,61,16,25,24,19,13,37,22,26,15,30,35,28,47,44,45,37,31,29,27,0,72,75,71,82,193,191,179,175,188,185,213,211,222,208,229,204,211,206,239,246,237,220,225,200,723,686,721,710,751,544]} 1. e4 e6 2. d4 d5 3. e5 c5 4. c3 Qb6 5. Nf3 Nc6 6. a3 f6 7. Bd3 fxe5 {C02: French: Advance Variation} 8. dxe5 c4 9. Bc2 g6 {White is slightly better.} 10. O-O Bg7 11. Nbd2 Nge7 (11... Bd7 12. b3 cxb3 13. Bxb3 Nge7 14. c4 Nxe5 15. Nxe5 Bxe5 {1-0 (31) Shirov,A (2643)-Stupak,K (2557) Arica 2018}) 12. Re1 Qc7 13. Qe2 O-O 14. a4 Bd7 15. b3 cxb3 16. Nxb3 Na5 $146 (16... Rxf3 $11 {remains equal.} 17. Qxf3 Nxe5) ({Predecessor:} 16... Rxf3 17. Qxf3 {1-0 (45) Sherwood,R (2102)-Woelfelschneider,P (2196) LSS email 2014}) 17. Ba3 $16 Rfe8 18. Bd6 Qd8 (18... Qxc3 $16 19. Nxa5 Qxa5) 19. Nxa5 $1 $18 Qxa5 20. Rab1 $36 {[%mdl 2048] White has strong initiative.} Bc6 21. Nd4 $1 {Strongly threatening Bb4.} Nc8 22. Bb4 $1 {[%cal Rb4a5]} Qc7 23. h4 Qf7 24. Qg4 Nb6 25. Nf3 Bxa4 {[#]} 26. Bd3 $1 {Ng5 is the strong threat.} Bh6 27. h5 $1 Qf4 {[#]} 28. Qh3 $1 ({Don't do} 28. Qxf4 $6 Bxf4 29. hxg6 hxg6 $16) 28... Kg7 $2 (28... g5) 29. Bc5 {White is clearly winning.} Qf7 30. hxg6 hxg6 31. Rb4 {Accuracy: White = 98%, Black = 59%.} 1-0

[Event "EICC 2019"]
[Site "Skopia"]
[Date "2019.03.19"]
[Round "2.5"]
[White "Cheparinov, Ivan"]
[Black "Gazik, Viktor"]
[Result "1-0"]
[WhiteElo "2683"]
[BlackElo "2535"]
[Annotator "TA"]
[PlyCount "131"]
[EventDate "2019.03.18"]
[EventType "swiss"]
[EventCountry "MKD"]
[SourceTitle "playchess.com"]
[Source "ChessBase"]
[SourceQuality "1"]

{[%evp 35,131,12,20,10,28,26,61,0,22,9,34,0,32,14,51,44,106,0,61,11,49,25,28,25,29,22,26,25,117,93,82,73,73,75,81,81,81,81,162,160,163,158,178,169,146,86,87,81,103,81,81,81,111,90,111,81,81,81,81,81,81,81,81,81,81,55,265,218,355,221,335,190,439,427,422,409,399,389,377,351,358,399,385,375,1254,1254,4578,4578,4578,4578,4578,4578,4578,4578,4578,4578,29984,29985]} 1. e4 c5 2. Nf3 d6 3. d4 cxd4 4. Nxd4 Nf6 5. Nc3 g6 6. Be3 Bg7 7. f3 Nc6 8. Qd2 O-O 9. O-O-O Be6 10. g4 Nxd4 11. Bxd4 Qa5 12. Kb1 Rfc8 13. a3 Rab8 14. h4 {[%cal Bh2h4,Bh4h5][%mdl 32]} b5 {B76: Sicilian Dragon: Yugoslav Attack, 9 g4 and 9 0-0-0} 15. Nd5 Qxd2 16. Rxd2 Bxd5 17. exd5 a5 18. h5 Nd7 {LiveBook: 3 Games} 19. g5 Bxd4 (19... Ne5 $5 {[%cal Re5f3]} 20. hxg6 fxg6 $14) (19... Ne5 20. Be2 Nc4 21. Rdd1 b4 22. a4 {½-½ (30) Karjakin,S (2753)-Nakamura,H (2799) Khanty-Mansiysk 2015 CBM 167 [Szabo,Kr]}) 20. Rxd4 Rc5 21. Bh3 (21. hxg6 $14 hxg6 22. Be2) 21... Nf8 22. hxg6 hxg6 23. Re1 Rb7 24. f4 $146 ({Predecessor:} 24. c3 Nh7 {1-0 (45) Uralde,O (2100)-Remus,H (2275) ICCF email 1998}) 24... Nh7 25. Bf1 Nf8 (25... b4 $1 $14) 26. Bh3 Nh7 27. Re3 Rbc7 28. c3 (28. Bf1 {is interesting.} b4 29. c4 Nf8 30. axb4 axb4 31. Rb3) 28... Rc4 29. Ree4 Rxd4 30. Rxd4 $11 {[%mdl 4096] Endgame KRB-KRN} f6 31. Bf1 Rc5 (31... Rb7 $11) 32. Kc2 fxg5 33. fxg5 Nxg5 34. b4 axb4 35. axb4 Rc8 36. Rg4 Nf3 (36... Nh7 $16 {was called for.}) 37. Rxg6+ $18 ({Don't play} 37. Bxb5 $6 Ne5 $14) 37... Kf7 38. Rg4 $1 {[%cal Rg4f4] Black must now prevent Rf4+.} e5 39. dxe6+ Kxe6 40. Bxb5 ({White should play} 40. Re4+ Kf5 41. Bd3) 40... d5 $16 41. Ba6 Rb8 42. Rg3 Ne5 43. Kb3 Nd7 44. Ka4 Nf6 45. Ka5 Ne4 46. Rd3 Ke5 47. Rh3 Kd6 48. Rh6+ Ke5 49. Rh5+ Kd6 50. Rh3 Ke5 $2 {[#]} (50... Kc6 $14) 51. b5 $1 $18 Nc5 (51... Ra8 $142 52. Kb6 Rf8) 52. Rh6 Ne4 (52... Ra8 $142 53. Rh5+ Kd6 54. Rh6+ Ke5) 53. Kb4 (53. b6 $142) 53... Nd6 $2 (53... Nf6 54. Rg6 Ra8 55. Rg5+ Ke6) 54. Rh5+ Ke6 55. Kc5 {Strongly threatening Rh6+.} Ne4+ 56. Kd4 Nf6 57. Rh6 Ke7 58. Kc5 Ne4+ 59. Kc6 Nxc3 $2 (59... Ra8 60. Rh3 (60. Kxd5 Nxc3+ 61. Kc6 Nxb5 $14) 60... Ke6) 60. b6 {[%cal Bb5b6,Bb6b7][%mdl 32]} Ra8 61. Rh7+ Ke6 62. Ra7 Rd8 63. b7 Rd6+ 64. Kc7 Rd7+ {[#]} 65. Kb6 $1 ({Not} 65. Kc8 Ne4 $11) 65... Rd6+ 66. Ka5 {Precision: White = 56%, Black = 30%.} 1-0

[Event "EICC 2019"]
[Site "Skopia"]
[Date "2019.03.19"]
[Round "2.6"]
[White "Rodshtein, Maxim"]
[Black "Kelires, Andreas"]
[Result "1-0"]
[WhiteElo "2673"]
[BlackElo "2529"]
[Annotator "TA"]
[PlyCount "117"]
[EventDate "2019.03.18"]
[EventType "swiss"]
[EventCountry "MKD"]
[SourceTitle "playchess.com"]
[Source "ChessBase"]
[SourceQuality "1"]

{[%evp 25,117,18,20,20,24,14,14,8,26,26,18,22,32,21,29,7,16,26,14,0,24,34,36,37,37,37,35,27,35,35,58,37,51,50,34,35,49,52,60,52,73,42,39,15,8,0,0,0,26,0,0,0,6,9,34,-56,118,149,131,96,97,104,102,103,102,109,107,104,95,61,62,63,159,159,160,159,163,167,513,506,491,466,458,447,5106,483,5102,369,456,357,455,411,381,381]} 1. d4 Nf6 2. c4 e6 3. Nf3 Bb4+ 4. Bd2 a5 5. g3 b6 6. Bg2 Bb7 7. O-O O-O 8. Bf4 Be7 9. Nc3 Ne4 10. Qc2 {E16: Queen's Indian: 4 g3 Bb7 5 Bg2 Bb4+} (10. Qd3 Nxc3 11. bxc3 Qc8 12. e4 d6 13. Rfe1 a4 14. Rad1 Ra5 15. h4 Nd7 16. Nd2 Rd8 17. Nf1 h6 {0-1 (72) Sargissian,G (2689)-Predke,A (2622) St Petersburg 2018}) 10... Nxc3 11. bxc3 Qc8 12. e4 d6 13. Rfe1 Nd7 {[#] LiveBook: 3 Games} 14. Rab1 $146 ({Predecessor:} 14. Rad1 a4 15. h4 Re8 16. Bh3 Bf8 17. d5 e5 {1-0 (58) Epishin,V (2579)-Ikonnikov,V (2525) Nuremberg 2012}) 14... Re8 15. Nd2 {[%cal Bf3d2,Bd2f1,Bf1e3,Be3d5][%mdl 32]} e5 16. Be3 Bc6 17. Bh3 Qd8 18. f3 Bf6 19. Nf1 Nf8 20. Bf2 Bd7 21. Bxd7 Qxd7 22. Rbd1 Qc6 23. Qd3 g6 24. Ne3 Bg7 25. Nd5 Nd7 26. Re2 Rab8 27. Rb1 Rbd8 28. Be3 Rc8 29. Bg5 h6 30. Be3 (30. Ne7+ Rxe7 $1 {[%mdl 512]} 31. Bxe7 Re8 $17) 30... Kh7 31. f4 exf4 32. gxf4 Nf6 33. Nxf6+ Bxf6 34. e5 Bg7 35. Rf1 Qd7 {[%cal Rd6e5]} 36. Qe4 Kg8 37. Rg2 dxe5 $1 38. fxe5 Qe6 39. Rgf2 $36 {[%mdl 2048] White has the initiative.} f5 40. Qh4 ({White should play} 40. Qd5 $14) 40... f4 $2 (40... Qxc4 41. Bxh6 Rxe5 42. Qg5 $11) (40... Kh7 $1 $15 {stays ahead.}) 41. Qxf4 $16 Qxc4 42. Qf7+ Qxf7 43. Rxf7 b5 44. Rd7 Red8 45. Rff7 Rxd7 46. Rxd7 {[%mdl 4096] Endgame KRB-KRB} b4 47. Bd2 c5 48. dxc5 Rxc5 ({Better is} 48... Bf8 $14) 49. cxb4 axb4 50. e6 (50. Bxb4 Rc1+ 51. Kg2 Bxe5 $11) 50... Bf6 51. Bxb4 ({Much less strong is} 51. Bxh6 $6 Re5 $14) 51... Re5 $2 (51... Rc8 {is more resistant.} 52. Rb7 Rc1+ 53. Kf2 Rc2+ 54. Kf3 Rxh2) 52. e7 $18 Kf7 {[#]} 53. Rd8 $1 {[%cal Rd8f8]} Bxe7 54. Rd7 g5 (54... Rg5+ $142 55. Kf2 Rf5+ 56. Ke3 Rh5 57. Rxe7+ Kf6) 55. Kf2 (55. Rxe7+ $142 Kf6 56. Rxe5 Kxe5 57. Kg2) 55... h5 (55... Rf5+ $142 56. Kg3 Kg6) 56. Kf3 $2 (56. Rxe7+ Rxe7 57. Bxe7) 56... g4+ 57. Kf4 Rb5 58. Rxe7+ ({Don't play} 58. Bxe7 Ke6 $18) 58... Kf6 59. Re4 {Accuracy: White = 60%, Black = 40%.} 1-0

[Event "EICC 2019"]
[Site "Skopia"]
[Date "2019.03.19"]
[Round "2.7"]
[White "Lobanov, Sergei"]
[Black "Nisipeanu, Liviu-Dieter"]
[Result "1/2-1/2"]
[WhiteElo "2526"]
[BlackElo "2670"]
[Annotator "TA"]
[PlyCount "54"]
[EventDate "2019.03.18"]
[EventType "swiss"]
[EventCountry "MKD"]
[SourceTitle "playchess.com"]
[Source "ChessBase"]
[SourceQuality "1"]

{[%evp 13,54,5,21,-24,-30,-41,92,81,99,111,102,96,87,91,100,83,98,100,103,33,29,42,29,22,37,26,58,42,19,0,0,0,0,0,0,0,0,0,0,0,0,0,0]} 1. e4 e6 2. d4 d5 3. Nc3 Bb4 4. e5 c5 5. a3 Bxc3+ 6. bxc3 Ne7 7. Qg4 cxd4 8. Bd3 {C18: French: 3 Nc3 Bb4: Main line: 7 h4 and 7 Qg4} (8. Qxg7 Rg8 9. Qxh7 Qc7 10. Ne2 Nbc6 11. f4 dxc3 12. Nxc3 Nd4 13. Bb2 Bd7 14. O-O-O Qb6 15. Qd3 Ndf5 16. Rd2 Rc8 17. g3 Ne3 18. Ne4 Rxc2+ 19. Rxc2 dxe4 20. Qxe4 Nxc2 21. Qxc2 {½-½ (31) Giri,A (2752)-Carlsen,M (2834) Wijk aan Zee 2018}) 8... Qa5 ({Reject} 8... dxc3 9. Qxg7 Rg8 10. Qxh7 $14) 9. Ne2 Nd7 (9... O-O $15 {keeps the upper hand.}) 10. O-O {White is better.} ({Much weaker is} 10. Qxd4 $6 Qc7 $11) 10... dxc3 11. Qxg7 Rg8 12. Qh6 $146 ({Predecessor:} 12. Qxh7 Nxe5 13. Rd1 Qa4 14. Nxc3 Qg4 15. g3 Nf3+ {0-1 (56) Salazar Moran,A (1476)-Cimicki,D (1689) LSS email 2011}) 12... Nxe5 13. Bxh7 Ng4 {[#]} 14. Qh4 $1 Rh8 15. Bg5 Qc7 {[#]} 16. Qxg4 ({Don't play} 16. Bxe7 Qxh2+ 17. Qxh2 Nxh2 $15) (16. Nf4 $1 $16) 16... Rxh7 $14 {[%csl Gh7][%cal Rc7h2]} 17. h4 e5 18. Qg3 {aiming for Bxe7.} Nf5 19. Qd3 Qc6 {...f6 is the strong threat.} 20. Nxc3 f6 {Hoping for ...d4.} 21. Qxd5 {And now Qg8+ would win.The position is equal.} Rf7 22. Qxc6+ bxc6 23. Be3 Nxh4 {Threatens to win with ...Rg7.} 24. f4 Rg7 25. Rf2 Bh3 {[%cal Rh4g2]} 26. fxe5 fxe5 {[%cal Rh3g2]} 27. Kh2 Bxg2 {Accuracy: White = 59%, Black = 71%.} 1/2-1/2